Revista Cuadernos del Cendes/
Guardado en:
| Autor Corporativo: | |
|---|---|
| Formato: | Libro |
| Lenguaje: | Spanish |
| Publicado: |
Venezuela:
CENDES,
1983-
|
| Materias: | |
| Etiquetas: |
Agregar Etiqueta
Sin Etiquetas, Sea el primero en etiquetar este registro!
|
MARC
| LEADER | 00000nam a22000007a 4500 | ||
|---|---|---|---|
| 003 | cru CIDCACS/IIS | ||
| 005 | 20231010145450.0 | ||
| 007 | ta | ||
| 008 | 180124t ve t||||r||||||0| ||spa|d | ||
| 022 | |a 10122508 | ||
| 040 | |c cru CIDCACS/IIS | ||
| 090 | |a REV0255 | ||
| 110 | 2 | |9 6480 |a Centro de Estudios del Desarrollo, CENDES | |
| 245 | 1 | |a Revista Cuadernos del Cendes/ |c Centro de Estudios del Desarrollo | |
| 260 | |a Venezuela: |b CENDES, |c 1983- | ||
| 270 | |a Avenida Neverí, Edificio Fundavac, Colinas de Bello Monte, |b Caracas, |d Venezuela |e Apdo. 47604 |k (58-212) 753-10-90 /30-89 /34-75/ 38-62 /31-98 |l (58-212) 751-26-91 | ||
| 310 | |a Cuatrimestral | ||
| 500 | |a Contiene un indice acumulativo 1983-1992. A PARTIR DE 1994 ES SEGUNDA EPOCA | ||
| 500 | |a EXISTENCIAS: 1986 (5-6) 1988 (7, 9) 1989 (11) 1990-1991 (13-18) 1992 (19, 21*) 1993 10 (22-24) 1994 2 (25-27) 1995 3 (28-30) 1996 (31-33) 1997 14 (34-36) 1998-1999 15-16 (37-42) 2000 17 (43-44) 2002 19 (49-50) 2003 20 (51-52-53) 2004 21 (55-57) | ||
| 650 | 0 | |a POLITICA |9 3691 | |
| 650 | 4 | |9 3347 |a INFORMATICA | |
| 650 | 1 | 0 | |9 612 |a CIENCIA |
| 650 | 1 | 0 | |9 70 |a FUERZAS ARMADAS |
| 650 | 1 | 0 | |9 93 |a AGRICULTURA |
| 650 | 1 | 0 | |9 3913 |a PLANIFICACIÓN |
| 651 | 1 | 0 | |9 1095 |a VENEZUELA |
| 942 | |2 ddc |c PP | ||
| 999 | |c 40876 |d 40876 | ||
